00588nam a22002057a 450000500170000001000110001702000220002803500110005003700160006104000120007708200130008910000240010224500640012626000340019027000090022430000300023350000190026365000460028265000540032820170124110108.0 a954059 c00.00a0575026111 a954059 bCen Lib/Ret aDPLbEN a921bBIR aBirmingham, Stephen aJacqueline Bouvier Kennedy Onassis /cby Stephen Birmingham aLondonbVictor Gollanczc1978 a  a242p. : c22cm(Hb)bill. aIncludes index aOnassis, Jacqueline Kennedy, -- 1929-1994 aPresidents' spouses -- United States -- Biography